00804cam a22002054a 45000010009000000050017000090080041000260200015000670820021000822450088001032600058001913000027002495040066002766510051003426530021003937000025004149420012004399990017004519520130004681305187220121010113554.0030108s2003 enk b 001 0 eng  a019925049900a320.973221bGOV00aGoverning America :bthe Politics of a Divided Democracy /cedited by Robert Singh. aOxford ;aNew York :bOxford University Press,c2003. axxvi, 529 p. ;c25 cm. aIncludes bibliographical references (p. [480]-494) and index. 0aUnited StatesxPolitics and government.931103 bPolcOctober20121 aSingh, Robert.93841 2ddccBB c17070d17042 00102ddc40708 aMAINbMAINc1STd2012-10-10eDonationl3m65o320.973 GOVp000027639r2025-07-15 00:00:00s2023-02-07yBB